00534nam a2200193 a 4500001001300000003000900013005001700022008004100039020000800080082001500088100002000103245004300123260006500166300000800231500003500239505002400274650002200298700002000320nice12345678IN_TiNIC20260116011407.0050524s1969 beia grp 000 0 eng  ac000a269.2bJOY aJoycee, Raymond aMessage to Islam Report of Study Conf. aBeirut, LebanonbMuslim World Evangelical Lit. Servicec1969 a80p aincludes index and biblioraphy2 aBibliography, Index aEvangelistic Work1 aJoycee, Raymond